Five steps toward a better marriage. (Record no. 14670)

000 -LEADER
fixed length control field 00587nam a2200193 a 4500
001 - CONTROL NUMBER
control field :::00012503$&:&@@
003 - CONTROL NUMBER IDENTIFIER
control field OkBaRHE
005 - DATE AND TIME OF LATEST TRANSACTION
control field 20000607103420.0
008 - FIXED-LENGTH DATA ELEMENTS--GENERAL INFORMATION
fixed length control field s1980 j 000 0 eng u
040 ## - CATALOGING SOURCE
Transcribing agency
100 1# - MAIN ENTRY--PERSONAL NAME
Personal name Thompson, David A.
245 10 - TITLE STATEMENT
Title Five steps toward a better marriage.
260 ## - PUBLICATION, DISTRIBUTION, ETC. (IMPRINT)
Place of publication, distribution, etc Minneapolis, MN., :
Name of publisher, distributor, etc Bethany House Publishers
Date of publication, distribution, etc c1980
300 ## - PHYSICAL DESCRIPTION
Extent 96 p. ;
Dimensions 28 cm.
650 ## - SUBJECT ADDED ENTRY--TOPICAL TERM
Topical term or geographic name as entry element Interpersonal Relations
650 ## - SUBJECT ADDED ENTRY--TOPICAL TERM
Topical term or geographic name as entry element Marriage
942 ## - ADDED ENTRY ELEMENTS (KOHA)
Source of classification or shelving scheme
Koha item type Books
Copies
Permanent Location Shelving location Barcode Source of classification or shelving scheme Date acquired Lost status Price effective from Copy number Date last seen Full call number Damaged status Withdrawn status Koha item type Not for loan
RHEMA Bible Training CollegeGeneral Stacks12503 2010-04-14 2010-04-1412010-04-14HQ 734 .T47  Books